Central Library OPAC University of Rajshahi

Readings in early anthropology / (Record no. 72914)

MARC details
000 -LEADER
fixed length control field 00802nam a2200241 a 4500
001 - CONTROL NUMBER
control field 72914
003 - CONTROL NUMBER IDENTIFIER
rucl marc code BD-RjUL
005 - DATE AND TIME OF LATEST TRANSACTION
control field 20211209082326.0
008 - FIXED-LENGTH DATA ELEMENTS--GENERAL INFORMATION
fixed length control field 170524s1965 enk b 001 0 eng d
035 ## - SYSTEM CONTROL NUMBER
System control number (BD-RjUL)73132
040 ## - CATALOGING SOURCE
Original cataloging agency SUSA
Language of cataloging eng
Transcribing agency SUSA
Modifying agency BD-RjUL
041 ## - LANGUAGE CODE
Language code of text/sound track or separate title eng
082 04 - DEWEY DECIMAL CLASSIFICATION NUMBER
Classification number 301.09
Edition number 23
Author mark and year REA 1965
245 00 - TITLE STATEMENT
Title Readings in early anthropology /
Statement of responsibility, etc. edited by J.S. Slotkin.
260 ## - PUBLICATION, DISTRIBUTION, ETC. (IMPRINT)
Place of publication, distribution, etc. London :
Name of publisher, distributor, etc. Methuen,
Date of publication, distribution, etc. 1965.
300 ## - PHYSICAL DESCRIPTION
Pagination xvii, 530 p. ;
Size 27 cm.
504 ## - BIBLIOGRAPHY, ETC. NOTE
Bibliography, etc Includes bibliographical references and index.
650 #0 - SUBJECT ADDED ENTRY--TOPICAL TERM
Topical term or geographic name as entry element Anthropology
General subdivision History.
9 (RLIN) 133608
700 1# - ADDED ENTRY--PERSONAL NAME
Personal name Slotkin, James Sydney,
Dates associated with a name 1913-1958.
830 ## - SERIES ADDED ENTRY--UNIFORM TITLE
Uniform title Viking Fund publications in anthropology ;
Volume number/sequential designation no. 40
942 ## - ADDED ENTRY ELEMENTS (KOHA)
Source of classification or shelving scheme Dewey Decimal Classification
Koha item type Books
Holdings
Lost status Source of classification or shelving scheme Damaged status Not for loan Collection code Permanent Location Current Location Shelving location Date acquired Source of acquisition Cost, normal purchase price Total Checkouts Full call number Date last seen Copy number Koha item type
  Dewey Decimal Classification   Not For Loan Non-fiction Central Library, University of Rajshahi Central Library, University of Rajshahi Reading Room 09/08/1973 Mitali book 96.00   301.09 REA 1965 25/05/2017 C-1 Books